Festschrift fur Walter Stimpel zum 68. Geburtstag am 29. November 1985

Αποθηκεύτηκε σε:
Λεπτομέρειες βιβλιογραφικής εγγραφής
Κύριος συγγραφέας: Stimpel, Walter
Άλλοι συγγραφείς: Lutter, Marcus, Mertens, Hans-Joachim, Ulmer, Peter
Μορφή: Βιβλίο
Γλώσσα:German
Δημοσίευση: Berlin : Gruyter, 1985
Θέματα:
Ετικέτες: Προσθήκη ετικέτας
Δεν υπάρχουν, Καταχωρήστε ετικέτα πρώτοι!

MARC

LEADER 00000cam a2200000 i 4500
001 1/36801
008 061102s1985 ger d
035 |l 10085913 
040 |a GR-MY-UA  |b gre  |e aacr 
041 0 |a ger 
082 0 |a 346.4307  |2 (22) 
100 1 |a Stimpel, Walter. 
245 1 0 |a Festschrift fur Walter Stimpel zum 68. Geburtstag am 29. November 1985 /  |c Walter Stimpel ; herausgegeben von Marcus Lutter, Hans-Joachim Mertens, Peter Ulmer 
260 |a Berlin :   |b Gruyter,   |c 1985 
300 |a 69-92 σ.;  |c 23 εκ. 
504 |a Περιλαμβάνει βιβλιογραφικές παραπομπές 
650 0 0 |a Commercial law  |z Germany (West) 
700 1 |a Lutter, Marcus. 
700 1 |a Mertens, Hans-Joachim. 
700 1 |a Ulmer, Peter. 
852 |a INST  |b CHIOS  |e 20061102  |h 346.4307 STI  |p 005200026812  |q 005200026812  |t BK  |y 0 
901 |a BIBL2-2006-3 
909 |a Χ  |b 120325 
970 |a ΒΑΣΙΛΑΚΗ  |b ΝΙΚΗ  |z 2006/11/02